Statistics for Presidents that beat Barack Obama

Click here to take the quiz!

General Stats

  • This quiz has been taken 150 times
  • The average score is 13 of 20

Answer Stats

RankCategoryPresidents% Correct
5Youngest (when elected)T. Roosevelt | Kennedy | Clinton | Grant
95%
2Most recently elected DemocratBiden
94%
2 (t)Longest presidencyF.D. Roosevelt
91%
9TallestLincoln | L.B. Johnson | Jefferson | Washington |
F.D. Roosevelt | G.H.W. Bush | Clinton | Trump
86%
2Most guessed (on JetPunk)Trump
86%
6 (t)Shortest last nameG.H.W. Bush | G.W. Bush | Ford | Polk | Taft
84%
4Earliest to receive the Nobel Peace PrizeT. Roosevelt | Wilson | Carter
83%
3Most visited countriesClinton | G.W. Bush
80%
2Longest Wikipedia articleTrump
76%
3First during the XXIth centuryClinton | G.W. Bush
71%
7 (t)Most (ghost)written booksCarter | Trump | T. Roosevelt | Nixon | Hoover | Clinton
67%
10Lowest BMIMadison | Jackson | Tyler | Pierce | W.H. Harrison |
Coolidge | Biden | Lincoln | Jefferson
64%
3 (t)Least childrenPolk | Truman | Clinton
63%
2Earliest with a first name starting with "B"B. Harrison
61%
2Most recent who was Senator beforeBiden
61%
3With the least common first nameFillmore | Hayes
43%
3Most judicial appointmentsReagan | Clinton
42%
6With the oldest Vice PresidentTruman | Hoover | Madison | Pierce | Ford
33%
4Earliest with at least one foreign-born parentJefferson | Jackson | Wilson
32%
3Earliest speaking an Asian languageMadison | Hoover
32%

Score Distribution

Percentile by Number Answered

Percent of People with Each Score

Your Score History

You have not taken this quiz